North America: Capital to Country - Statistics

General Stats
  • This quiz has been taken 1,084 times
  • The average score is 19 of 23
Answer Stats
Capital Country % Correct
Guatemala City Guatemala
98%
Mexico City Mexico
98%
Washington D.C. United States of America
98%
Panama City Panama
97%
Ottawa Canada
96%
Havana Cuba
96%
San Salvador El Salvador
96%
Kingston Jamaica
90%
Nassau Bahamas
84%
Santo Domingo Dominican Republic
83%
Port-au-Prince Haiti
83%
San Jose Costa Rica
78%
Tegucigalpa Honduras
77%
Managua Nicaragua
76%
Port of Spain Trinidad and Tobago
76%
Bridgetown Barbados
69%
Belmopan Belize
69%
Castries Saint Lucia
69%
Saint John's Antigua and Barbuda
65%
Roseau Dominica
65%
Saint George's Grenada
64%
Kingstown Saint Vincent and the Grenadines
63%
Basseterre Saint Kitts and Nevis
61%
No matching quizzes found
Score Distribution
Percent of People with Each Score
Percentile by Number Answered
Your Score History
You have not taken this quiz